Words That End in "Cket" - Statistics

General Stats
  • This quiz has been taken 17 times
  • The average score is 11 of 67
Answer Stats
# Words % Correct
R Racket
76%
B Bucket
71%
C Cricket
71%
L Locket
59%
D Docket
53%
P Packet
53%
S Socket
53%
J Jacket
47%
P Picket
47%
T Ticket
47%
B Bracket
41%
P Pocket
41%
R Rocket
41%
W Wicket
41%
T Tacket
29%
B Backet
24%
C Crocket
24%
S Sacket
24%
T Tucket
24%
D Ducket
18%
H Hocket
18%
M Mucket
18%
N Nocket
18%
T Thicket
18%
B Becket
12%
C Clacket
12%
C Clicket
12%
C Cocket
12%
F Fecket
12%
P Placket
12%
P Pricket
12%
S Sprocket
12%
U Unpocket
12%
U Unsocket
12%
B Brocket
6%
C Cracket
6%
P Pickpocket
6%
S Smicket
6%
S Snicket
6%
S Spicket
6%
A Abococket
0%
B Bedjacket
0%
B Bluejacket
0%
C Counterpicket
0%
D Dustjacket
0%
E Empocket
0%
E Eyesocket
0%
G Gutbucket
0%
H Halucket
0%
I Impocket
0%
L Leatherjacket
0%
L Lifejacket
0%
L Lumberjacket
0%
M Midwicket
0%
P Paypacket
0%
R Rejacket
0%
R Retrorocket
0%
R Rustbucket
0%
S Skyrocket
0%
S Sleazebucket
0%
S Straightjacket
0%
S Straitjacket
0%
S Sunpocket
0%
T Trebucket
0%
W Wavepacket
0%
W Whipsocket
0%
Y Yellowjacket
0%
No matching quizzes found
Score Distribution
Percent of People with Each Score
Percentile by Number Answered
Your Score History
You have not taken this quiz